Normal view
MARC view
Entry Topical Term
001 - CONTROL NUMBER
- control field: 24370
003 - CONTROL NUMBER IDENTIFIER
- control field: ARRUPE
005 - DATE AND TIME OF LATEST TRANSACTION
- control field: 20160509082141.0
008 - FIXED-LENGTH DATA ELEMENTS
- fixed length control field: 160509|| aca||aabn | a|a d
040 ## - CATALOGING SOURCE
- Original cataloging agency: ARRUPE
- Transcribing agency: ARRUPE
150 ## - HEADING--TOPICAL TERM
- Topical term or geographic name as entry element: Counselling
670 ## - SOURCE DATA FOUND
- Source citation: Work cat.: (ARRUPE)124727: Fuster, J.M. 15326, Personal counselling, 1984